| 000 | 00512nam a22002057a 4500 | ||
|---|---|---|---|
| 003 | 00448nam a22001937a 4500 | ||
| 005 | 20230719162605.0 | ||
| 008 | 230718b |||||||| |||| 00| 0 eng d | ||
| 020 | _a8185749299 | ||
| 040 | _c Library of Congress catalog card | ||
| 082 |
_22nd _a621.38 _bGUP |
||
| 100 | _aJ.B.Gupta | ||
| 245 | _aA Course in Electrical Technology-I | ||
| 250 | _a2nd | ||
| 260 |
_aNEW DELHI _bKataria _c2003 |
||
| 300 | _aXVI;667 | ||
| 500 | _a1 | ||
| 650 | _aElectrical | ||
| 942 |
_2ddc _cBK _n0 |
||
| 999 |
_c61096 _d61096 |
||